A concise introduction to linear algebra
Gespeichert in:
| 1. Verfasser: | |
|---|---|
| Format: | Buch |
| Sprache: | Englisch |
| Veröffentlicht: |
Hoboken
Springer
2012
|
| Ausgabe: | 1a. ed |
| Schlagworte: | |
| Tags: |
Tag hinzufügen
Keine Tags, Fügen Sie den ersten Tag hinzu!
|
MARC
| LEADER | 00000cam a2200000 a 4500 | ||
|---|---|---|---|
| 001 | UCE5318 | ||
| 003 | CL-VaPUC | ||
| 008 | 141230e20120000us |||||||||||||||||eng|d | ||
| 020 | |a 9780817683245 | ||
| 082 | 0 | 4 | |a 512.5 |b SCH |2 21 |
| 100 | 0 | |a Schay, Géza |e author |9 577879 | |
| 245 | 1 | 2 | |a A concise introduction to linear algebra |
| 250 | |a 1a. ed | ||
| 300 | |a 330 p | ||
| 942 | |c BK | ||
| 945 | |d 20141230 16:04:00 |a dcastane | ||
| 260 | |a Hoboken |b Springer |c 2012 | ||
| 650 | 0 | |a Álgebra lineal |9 260445 | |
| 650 | 0 | |a Espacios vectoriales |9 21 | |
| 650 | 0 | |a Análisis vectorial |9 260451 | |
| 583 | |a last modification |c 20141230 16:04:00 |k Rodrigo Vera | ||
| 999 | |c 358069 |d 358067 | ||
| 952 | |0 0 |1 0 |3 erd |4 0 |6 512_500000000000000_SCH_2012 |7 0 |8 A |9 466316 |a BIBGIM |b BIBGIM |i 513112K |o 512.5 SCH 2012 |p 513112K |r 2025-01-15 |w 2019-11-23 |y BK |z Catalogado en:20141230 |k EST | ||
| 952 | |0 0 |1 0 |3 erd |4 0 |6 512_500000000000000_SCH_2012 |7 0 |8 A |9 466317 |a BIBGIM |b BIBGIM |i 5131138 |l 2 |o 512.5 SCH 2012 |p 5131138 |r 2025-01-15 |s 2023-10-12 |w 2019-11-23 |y BK |z Catalogado en:20141230 |k EST | ||